000 00376nam a2200157 4500
001 45115
090 _a45115
100 _a20251110 pory50
101 _apor
102 _aPT
200 _aFaces de eva
_fUniversidade Nova de Lisboa
210 _aLisboa
_cColibri
_cUniversidade Nova de Lisboa
_d2003
215 _av.
675 _a396(05)
801 _aPT
_gRPC
990 _cPERIODICOS